Dniya gol hai (Record no. 10879)

000 -LEADER
fixed length control field 00325 a2200145 4500
082 ## - DEWEY DECIMAL CLASSIFICATION NUMBER
Classification number 910.4
090 ## - LOCALLY ASSIGNED LC-TYPE CALL NUMBER (OCLC); LOCAL CALL NUMBER (RLIN)
-- 7074
-- 7074
100 ## - MAIN ENTRY--PERSONAL NAME
Personal name Ibne Insha
245 ## - TITLE STATEMENT
Title Dniya gol hai
Statement of responsibility, etc. Ibne Insha
260 ## - PUBLICATION, DISTRIBUTION, ETC.
Place of publication, distribution, etc. Lahore
Name of publisher, distributor, etc. Lahore Academy
Date of publication, distribution, etc. 2010
300 ## - PHYSICAL DESCRIPTION
Extent 320 p.
650 ## - SUBJECT ADDED ENTRY--TOPICAL TERM
Topical term or geographic name entry element Urdu fiction
700 ## - ADDED ENTRY--PERSONAL NAME
Personal name Ibne Insha
942 ## - ADDED ENTRY ELEMENTS (KOHA)
Koha item type Book
Call number prefix 910.4 IBN
Holdings
Withdrawn status Lost status Damaged status Not for loan Collection code Permanent Location Current Location Shelving location Date acquired Source of acquisition Cost, normal purchase price Total Checkouts Total Renewals Full call number Barcode Date last seen Date last checked out Price effective from Koha item type
          Central Library (CL) Central Library (CL) General Stacks 04/20/2012 Global~Link Information Services 736.30 11 12 910.4 IBN SEECS011225 03/03/2025 09/09/2023 01/05/2017 Book
© 2023 Central Library, National University of Sciences and Technology. All Rights Reserved.